00281nam a2200109Ia 4500008004100000020001500041100001500056245002700071260002100098500002400119650002800143230524s9999 xx 000 0 und d a8184081987 aChandrgupt 0aTales of Akbar- Birbal bCross Lnnd Books aQuantity Number: 1 aPersonality Development